P-stereogenic ligands in enantioselective catalysis / (رقم التسجيلة. 22517)
[ عرض عادي ]
| 000 -الفاتح | |
|---|---|
| حقل البيانات ثابتة الطول | 01149cam a2200253Ia 4500 |
| 001 - رقم الضبط | |
| رقم الضبط | 698593819 |
| 003 - محدد رقم الضبط | |
| رقم الضبط | OSt |
| 005 - وقت وتاريخ اخر تعامل مع التسجيلة | |
| رقم الضبط | 20150408114027.0 |
| 008 - عناصر البيانات ثابتة الطول - معلومات عامة | |
| حقل البيانات ثابتة الطول | 100802s2011 enka b 001 0 eng d |
| 040 ## - مصدر الفهرسة | |
| وكالة الفهرسة الأصلية | NLE |
| وكالة النسخ | NLE |
| وكالة التعديل | CUD |
| -- | YDXCP |
| -- | UUS |
| 050 14 - رقم طلب مكتبة الكونجرس | |
| رقم التصنيف | QD474 |
| رقم المادة | .G738 2011 |
| 082 ## - رقم تصنيف ديوى العشرى | |
| رقم الطبعة | 21 |
| رقم التصنيف | 541.395 |
| 100 1# - المدخل الرئيسى - إسم شخصى | |
| الإسم الشخصى | Grabulosa, Arnald. |
| 9 (RLIN) | 11956 |
| 245 10 - بيان العنوان | |
| العنوان | P-stereogenic ligands in enantioselective catalysis / |
| بيان المسئوليه,etc | Arnald Grabulosa. |
| 260 ## - PUBLICATION, DISTRIBUTION, ETC. (IMPRINT) | |
| مكان الناشر او الموزع | Cambridge : |
| اسم الناشر او الموزع | Royal Society of Chemistry, |
| تاريخ النشر أو التوزيع | c2011. |
| 300 ## - الوصف المادى | |
| التعداد | xvii, 501 p. : |
| تفاصيل ماديه اخرى للوعاء | ill. ; |
| أبعاد الوعاء | 25 cm. |
| 490 1# - بيان السلسلة | |
| عنوان السلسلة | RSC catalysis series ; |
| رقم المجلد/ التعيين التسلسلي | no. 7. |
| 504 ## - تبصرة ببليوجرافية | |
| تبصرة ببليوجرافية,الخ | Includes bibliographical references and index. |
| 505 0# - تبصرة محتويات-الفهرس | |
| تبصرة المحتويات المصاغة | Introduction -- Resolution of racemic and diastereomeric mixtures -- P-stereogenic heterocycles -- P-stereogenic compounds derived from enantiopure heterocycles -- P-stereogenic phosphines prepared by enantioselective deprotonation -- Prepared by enantioselective catalysis -- Hydrogenation and related reactions -- Miscellaneous reactions. |
| 650 #0 - المدخل الاضافى بالموضوع-مصطلح موضوعى | |
| مصطلح موضوعي أو اسم جغرافي كعنصر مدخل | Ligands. |
| 9 (RLIN) | 11957 |
| 650 #0 - المدخل الاضافى بالموضوع-مصطلح موضوعى | |
| مصطلح موضوعي أو اسم جغرافي كعنصر مدخل | Enantioselective catalysis. |
| 9 (RLIN) | 11897 |
| 830 #0 - المدخل الاضافى بالسلسلة -عنوان موحد | |
| عنوان موحد | RSC catalysis series ; |
| رقم المجلد/ التعيين التسلسلي | 7. |
| 9 (RLIN) | 11958 |
| 942 ## - عناصر المدخل الإضافي( كوها) | |
| مصدر التصنيف او مخطط الترفيف | Dewey Decimal Classification |
| Koha [default] item type | كتاب |
| حالة الفقد | نموذج السعر الفعال | حالة تلف | ليس للاعارة | رقم الطلب | تاريخ الاكتساب | الموقع الحالي | الباركود | الفرع الرئيسي | Date last seen | نوع المادة فى نظام كوها | مصدر التصنيف او خطة الترفيف | Total Checkouts |
|---|---|---|---|---|---|---|---|---|---|---|---|---|
| 2013-03-10 | 541.395 G A P | 2012-04-23 | مكتبة كلية التمريض - طالبات (CNF) | 00085400 | مكتبة كلية التمريض - طالبات (CNF) | 2013-03-10 | كتاب | Dewey Decimal Classification | ||||
| 2013-03-10 | 541.395 G A P | 2012-04-23 | مكتبة كلية التمريض - طالبات (CNF) | 00085401 | مكتبة كلية التمريض - طالبات (CNF) | 2013-03-10 | كتاب | Dewey Decimal Classification |
